1464 1766 1672 1327 1488 1838 1326 1868 1524 1527 1035 1262 1338 1375 1115 1698 1110 1587 1385 1000 1749 1805 1706 1824 1345 1874 1830 1283 1735 1112 1223 1430 1274 1117 1931 1532 1956 1755 1008 1890 1929 1735 1899 1926 1678 1484 1848 1235 1931 1782 1470 1540 1650 1085 1873 1011 1739 1559 1765 1271 1522 1343 1670 1492 1931 1461 1587 1826 1295 1895 1888 1969 1653 1264 1011 1861 1291 1905 1783 1561 1670 1113 1022 1493 1850 1485 1295 1363 1981 1366 1163 1526 1431 1416 1827 1927 1999 1754 1978 BCNSPRNW ULIB Ver.6.0+V

เปลี่ยนเป็นภาษาไทย

Change to English
 แสดงรายละเอียดบรรณานุกรม
  กลับหน้าหลัก

Brief Record : Get Marc (ISO 2709) : E-mail record : QR code < ปิดหน้าต่าง
LEADER : 00000nam 2200000uu 4500
001    13399111771
003     ULIB
008    110627s2552||||th 000 0 tha d
020    9786160600694
090    นว.^bต113จ 2552
100 0  ต่งนี
245 00 จอมกษัตริย์ เจ้าสำราญ ชุด โอรสสวรรค์ร้อยเล่ห์/^cต่งนี
250    พิมพ์ครั้งที่ 1
260    กรุงเทพฯ :^bแจ่มใส,^c2552
300    223 หน้า
945    ^p159^l0^i026963
995    ทศพร
999 ^a ใช้งานได้ทุกระบบ
รายการนี้ยังไม่มีแท็ก
คุณยังไม่ได้ล็อกอิน คุณสามารถมีกิจกรรมร่วมกับเว็บไซต์ได้ แต่ต้องล็อกอินก่อน ::
  ล็อกอิน

รายการสื่อสารสนเทศ

ลำดับที่ ประเภท เลขเรียก/บาร์โค้ด สถานที่ สถานะ
- ไม่พบข้อมูล -

BibComment


ยังไม่เคยถูกคอมเมนท์

คอมเมนท์ทรัพยากรรายการนี้
  คอมเมนท์: จอมกษัตริย์ เจ้าส..


 Copyright 2026. Bcnsprnw @Library